Những năm tháng hào hùng : Sư đoàn 9 anh hùng :Phim tài liệu. CD1 [Đĩa CD-ROM]
保存先:
| フォーマット: | CD |
|---|---|
| 言語: | Vietnamese |
| 出版事項: |
TP.HCM :
Trung tâm dịch vụ truyền hình TP HCM,
2006
|
| タグ: |
タグ追加
タグなし, このレコードへの初めてのタグを付けませんか!
|
| Thư viện lưu trữ: | Thư viện Trường Đại học Đà Lạt |
|---|
| LEADER | 00661nam a2200253 4500 | ||
|---|---|---|---|
| 001 | DLU060055143 | ||
| 005 | ##20050921 | ||
| 040 | # | # | |a DLU |b vie |
| 041 | # | # | |a vie |
| 044 | # | # | |a vn |
| 082 | # | # | |a 959.704 |b Sud |
| 245 | # | # | |a Những năm tháng hào hùng : |b Sư đoàn 9 anh hùng :Phim tài liệu. |n CD1 [Đĩa CD-ROM] |
| 256 | # | # | |a 4 3/4 in. |
| 260 | # | # | |a TP.HCM : |b Trung tâm dịch vụ truyền hình TP HCM, |c 2006 |
| 300 | # | # | |a 2 đĩa CD-ROM 4 3/4 in. |
| 992 | # | # | |a 34000 |
| 994 | # | # | |a DLU |
| 900 | # | # | |a True |
| 911 | # | # | |a Nguyễn Xuân Phương |
| 925 | # | # | |a CD |
| 926 | # | # | |a A |
| 927 | # | # | |a CD |
| 980 | # | # | |a Thư viện Trường Đại học Đà Lạt |